Le criticisme et le scepticisme dans la philosophie du XIVe siècle / (Record no. 169592)

MARC details
000 -LEADER
campo de control de longitud fija 00838nam a22002175i 4500
001 - NÚMERO DE CONTROL
campo de control 169592
003 - IDENTIFICADOR DE NÚMERO DE CONTROL
campo de control ES-MaACL
005 - FECHA Y HORA DE LA ÚLTIMA TRANSACCIÓN
campo de control 20250827231411.0
008 - DATOS DE LONGITUD FIJA--INFORMACIÓN GENERAL
campo de control de longitud fija 081021s1926 pl |||| | fre d
080 ## - NÚMERO DE LA CLASIFICACIÓN DECIMAL UNIVERSAL
Número de la Clasificación Decimal Universal 165.65
080 ## - NÚMERO DE LA CLASIFICACIÓN DECIMAL UNIVERSAL
Número de la Clasificación Decimal Universal 165.72
100 1# - ENTRADA PRINCIPAL--NOMBRE DE PERSONA
Nombre de persona Michalski, Konstanty.
9 (RLIN) 138725
245 13 - MENCIÓN DEL TÍTULO
Título Le criticisme et le scepticisme dans la philosophie du XIVe siècle /
Mención de responsabilidad, etc. Constantin Michalski.
260 ## - PUBLICACIÓN, DISTRIBUCIÓN, ETC.
Lugar de publicación, distribución, etc. Cracovie :
Nombre del editor, distribuidor, etc. [s.n.],
Fecha de publicación, distribución, etc. 1926 (
Fabricante Imprimerie de l'Universite)
300 ## - DESCRIPCIÓN FÍSICA
Extensión 81 p. ;
Dimensiones 25 cm.
595 ## -
-- Separata de: Extrait du Bulletin de l'Académie Polonaise des Sciences et des Lettres, classe d'histoire et de philosophie, année 1925.
650 #4 - PUNTO DE ACCESO ADICIONAL DE MATERIA--TÉRMINO DE MATERIA
Término de materia o nombre geográfico como elemento de entrada Criticismo.
9 (RLIN) 11454
650 07 - PUNTO DE ACCESO ADICIONAL DE MATERIA--TÉRMINO DE MATERIA
Término de materia o nombre geográfico como elemento de entrada Escepticismo
Fuente del encabezamiento o término embne
9 (RLIN) 12353
852 ## - LOCALIZACIÓN
Ubicación ES-MaACL
Número de control de estantería 2236-F-2
itemnumber R.141156
Nota libre .- Biblioteca Jacinto Martínez Lacalle
Holdings
Estatus retirado Estado de pérdida Estado de daño No para préstamo Colección Biblioteca de origen Biblioteca actual Ubicación en estantería Fecha de adquisición Fuente de adquisición Total de préstamos Signatura topográfica completa Código de barras Visto por última vez Precio de reemplazo Tipo de ítem Koha
        Colección de folletos Biblioteca del Ateneo de Madrid Biblioteca del Ateneo de Madrid Depósito folletos 21/10/2008     2236-F-2 1178044 23/02/2023 23/02/2023 Folleto